Cómo se hace una investigación (Registro nro. 1357)
[ vista simple ]
| 000 -LEADER | |
|---|---|
| fixed length control field | 01046 a2200253 4500 |
| 001 - CONTROL NUMBER | |
| control field | 25298 |
| 005 - DATE AND TIME OF LATEST TRANSACTION | |
| control field | 20260407155537.0 |
| 008 - FIXED-LENGTH DATA ELEMENTS--GENERAL INFORMATION | |
| fixed length control field | 260407a2000 arg spa d |
| 003 - CONTROL NUMBER IDENTIFIER | |
| control field | AR-UNSa-BCEJYS |
| 040 ## - CATALOGING SOURCE | |
| Original cataloging agency | AR-UNSa-BCEJYS |
| Language of cataloging | spa |
| Transcribing agency | AR-UNSa-BCEJYS |
| 080 ## - UNIVERSAL DECIMAL CLASSIFICATION NUMBER | |
| Universal Decimal Classification number | 001.8 |
| Common auxiliary subdivision | Metodología. Estudio general del método. Procedimientos científicos y técnicos para el estudio, La investigación y la discusión |
| 020 ## - INTERNATIONAL STANDARD BOOK NUMBER | |
| International Standard Book Number | 978-84-7432-726-7 |
| 041 ## - LANGUAGE CODE | |
| Language code of text/sound track or separate title | spa |
| 100 1# - MAIN ENTRY--PERSONAL NAME | |
| Personal name | Blaxter, Loraine |
| 245 10 - TITLE STATEMENT | |
| Title | Cómo se hace una investigación |
| 264 #1 - PRODUCTION, PUBLICATION, DISTRIBUTION, MANUFACTURE, AND COPYRIGHT NOTICE | |
| Place of production, publication, distribution, manufacture | México : |
| Name of producer, publisher, distributor, manufacturer | Gedisa |
| Date of production, publication, distribution, manufacture, or copyright notice | 2000 |
| 300 ## - PHYSICAL DESCRIPTION | |
| Extent | 351 p. |
| Dimensions | 23 cm. |
| 505 ## - FORMATTED CONTENTS NOTE | |
| Formatted contents note | 1. Reflexionar sobre la investigación - 2. Prepararse para comenzar - 3. Reflexionar sobre los métodos - 4. Leer para investigar - 5. Organizar el proyecto - 6. Recolectar los datos - 7. Analizar los datos - 8. Redactar el trabajo - 9. Concluir la investigación |
| 590 ## - LOCAL NOTE (RLIN) | |
| Local note | niveau_biblio:m niveau_hierar:0 |
| 700 1# - ADDED ENTRY--PERSONAL NAME | |
| Personal name | Hughes, Christina |
| 700 1# - ADDED ENTRY--PERSONAL NAME | |
| Personal name | Ventureira, Gabriela |
| 700 1# - ADDED ENTRY--PERSONAL NAME | |
| Personal name | Tight, Malcolm |
| 942 ## - ADDED ENTRY ELEMENTS (KOHA) | |
| Koha item type | |
| Withdrawn status | Lost status | Damaged status | Not for loan | Home library | Current library | Shelving location | Date acquired | Total checkouts | Full call number | Barcode | Date last seen | Price effective from | Koha item type |
|---|---|---|---|---|---|---|---|---|---|---|---|---|---|
| Biblioteca Prof. Eusebio Cleto del Rey | Biblioteca Prof. Eusebio Cleto del Rey | 07/04/2026 | 001.8 B627 | L119812 | 07/04/2026 | 07/04/2026 | Libro | ||||||
| Biblioteca Prof. Eusebio Cleto del Rey | Biblioteca Prof. Eusebio Cleto del Rey | 07/04/2026 | 001.8 B627 | L126656 | 07/04/2026 | 07/04/2026 | Libro | ||||||
| Biblioteca Prof. Eusebio Cleto del Rey | Biblioteca Prof. Eusebio Cleto del Rey | 07/04/2026 | 001.8 B627 | L126657 | 07/04/2026 | 07/04/2026 | Libro |